MARC details
| 000 -CABECERA |
| campo de control de longitud fija |
01022cam a2200313 i 4500 |
| 001 - NÚMERO DE CONTROL |
| campo de control |
000009811 |
| 005 - FECHA Y HORA DE LA ÚLTIMA TRANSACCIÓN |
| campo de control |
20200929161720.0 |
| 008 - DATOS DE LONGITUD FIJA--INFORMACIÓN GENERAL |
| campo de control de longitud fija |
760630s1976 sp af b 001 0 spa |
| 010 ## - NÚMERO DE CONTROL DE LA BIBLIOTECA DEL CONGRESO |
| Número de control de LC |
76467470 |
| 015 ## - NÚMERO DE BIBLIOGRAFÍA NACIONAL |
| Número de bibliografía nacional |
Sp*** |
| 020 ## - NÚMERO INTERNACIONAL ESTÁNDAR DEL LIBRO |
| Número Internacional Estándar del Libro |
847039228X |
| 040 ## - FUENTE DE LA CATALOGACIÓN |
| Centro catalogador/agencia de origen |
DO-SdBNP |
| Centro/agencia transcriptor |
DLC |
| Centro/agencia modificador |
DLC |
| 082 ## - NÚMERO DE LA CLASIFICACIÓN DECIMAL DEWEY |
| Número de clasificación |
861.64 |
| Número de documento/Ítem |
A366s, 1976 |
| 100 1# - ENTRADA PRINCIPAL--NOMBRE DE PERSONA |
| Nombre de persona |
Aleixandre, Vicente, |
| Fechas asociadas al nombre |
1898-1984. |
| 9 (RLIN) |
14070 |
| 245 10 - MENCIÓN DE TÍTULO |
| Título |
Sombra del paraiso / |
| Mención de responsabilidad, etc. |
Vicente Aleixandre ; edicion, introduccion y notas de Leopoldo de Luis. |
| 250 ## - MENCIÓN DE EDICIÓN |
| Mención de edición |
3a ed. rev. |
| 260 ## - PUBLICACIÓN, DISTRIBUCIÓN, ETC. |
| Lugar de publicación, distribución, etc. |
Madrid : |
| Nombre del editor, distribuidor, etc. |
Editorial Castalia, |
| Fecha de publicación, distribución, etc. |
c1976. |
| 300 ## - DESCRIPCIÓN FÍSICA |
| Extensión |
206 p., [3] leaves of plates : |
| Otras características físicas |
ill. ; |
| Dimensiones |
18 cm. |
| 490 1# - MENCIÓN DE SERIE |
| Mención de serie |
Clásicos Castalia |
| Designación de volumen o secuencia |
71 |
| 500 ## - NOTA GENERAL |
| Nota general |
Poems. |
| 500 ## - NOTA GENERAL |
| Nota general |
"Cinco poemas paradisiacos": p. 193-202. |
| 504 ## - NOTA DE BIBLIOGRAFÍA, ETC. |
| Nota de bibliografía, etc. |
Bibliography: p. 62-79. |
| 500 ## - NOTA GENERAL |
| Nota general |
Includes indexes. |
| 650 #4 - PUNTO DE ACCESO ADICIONAL DE MATERIA--TÉRMINO DE MATERIA |
| Término de materia o nombre geográfico como elemento de entrada |
Poesìa española |
| 9 (RLIN) |
631 |
| 650 #4 - PUNTO DE ACCESO ADICIONAL DE MATERIA--TÉRMINO DE MATERIA |
| Término de materia o nombre geográfico como elemento de entrada |
Literatura española |
| 9 (RLIN) |
632 |
| 700 1# - PUNTO DE ACCESO ADICIONAL--NOMBRE DE PERSONA |
| Nombre de persona |
Luis, Leopoldo de. |
| 9 (RLIN) |
24716 |
| 830 #0 - PUNTO DE ACCESO ADICIONAL DE SERIE-TÍTULO UNIFORME |
| Título uniforme |
Clásicos Castalia ; |
| Designación de volumen o secuencia |
71 |
| 9 (RLIN) |
23367 |
| 910 ## - DATOS DE OPCIÓN DEL USUARIO (OCLC) |
| Datos de opción del usuario |
Catalogación por copia / LC |